000
00264 a2200121 4500
001
153648
040
_c
Escola São Tomás de Aquino
240
1
0
_a
No Balde
_l
por
245
1
0
_a
No Balde
440
1
_a
Ciranda Cultural
697
_a
*LITERATURA INFANTO
942
_c
BK
999
_c
153648
_d
153648